El Ateneo de Madrid en el Centenario de Calderón (Registro nro. 151010)

Detalles MARC
000 -LEADER
campo de control de longitud fija 01522nam a2200337 i 4500
001 - NÚMERO DE CONTROL
campo de control 151010
003 - IDENTIFICADOR DE NÚMERO DE CONTROL
campo de control ES-MaACL
005 - FECHA Y HORA DE LA ÚLTIMA TRANSACCIÓN
campo de control 20250809231814.0
007 - CAMPO FIJO DE DESCRIPCIÓN FÍSICA--INFORMACIÓN GENERAL
campo de control de longitud fija t|
008 - DATOS DE LONGITUD FIJA--INFORMACIÓN GENERAL
campo de control de longitud fija 071127s1881 sp |||| | spa d
080 ## - NÚMERO DE LA CLASIFICACIÓN DECIMAL UNIVERSAL
Número de la Clasificación Decimal Universal 821.134.2 Calderón de la Barca, Pedro 1.07(067.5)
245 03 - MENCIÓN DEL TÍTULO
Título El Ateneo de Madrid en el Centenario de Calderón
Resto del título : disertaciones, poesías y discursos /
Mención de responsabilidad, etc. de los Señores Sánchez Moguel, Revilla, Ruiz Aguilera, Fernández y González, Palacio, Campillo, Moreno Nieto, Moret y Echegaray.
260 ## - PUBLICACIÓN, DISTRIBUCIÓN, ETC.
Lugar de publicación, distribución, etc. Madrid :
Nombre del editor, distribuidor, etc. [s.n.],
Fecha de publicación, distribución, etc. 1881 (
Fabricante Gaspar)
300 ## - DESCRIPCIÓN FÍSICA
Extensión XV, 213 p. ;
Dimensiones 21 cm.
530 ## - NOTA DISPONIBLE DE FORMULARIO FÍSICO ADICIONAL
Nota de formato físico adicional disponible Disponible en formato digital.
600 14 - PUNTO DE ACCESO ADICIONAL DE MATERIA--NOMBRE DE PERSONA
Nombre de persona Calderón de la Barca, Pedro-
Subdivisión de forma Aniversarios y centenarios
9 (RLIN) 33612
610 24 - PUNTO DE ACCESO ADICIONAL DE MATERIA--NOMBRE DE ENTIDAD CORPORATIVA
Nombre de entidad corporativa o nombre de jurisdicción como elemento de entrada Ateneo de Madrid-
Subdivisión de forma Conferencias-
Subdivisión cronológica S.XIX.
9 (RLIN) 1910
700 1# - ENTRADA AGREGADA--NOMBRE PERSONAL
Nombre de persona Sánchez Moguel, Antonio,
Fechas asociadas al nombre 1838-1913
9 (RLIN) 102783
700 1# - ENTRADA AGREGADA--NOMBRE PERSONAL
Nombre de persona Revilla, Manuel de la,
Fechas asociadas al nombre 1846-1881
9 (RLIN) 96432
700 ## - ENTRADA AGREGADA--NOMBRE PERSONAL
Nombre de persona Ruiz Aguilera, Ventura,
Fechas asociadas al nombre 1820-1881
9 (RLIN) 188456
700 1# - ENTRADA AGREGADA--NOMBRE PERSONAL
Nombre de persona Fernández y González, Manuel,
Fechas asociadas al nombre 1821-1888
9 (RLIN) 50183
700 1# - ENTRADA AGREGADA--NOMBRE PERSONAL
Nombre de persona Palacio, Manuel del,
Fechas asociadas al nombre 1831-1906
9 (RLIN) 88370
700 1# - ENTRADA AGREGADA--NOMBRE PERSONAL
Nombre de persona Campillo y Correa, Narciso,
Fechas asociadas al nombre 1835-1900
9 (RLIN) 34174
700 1# - ENTRADA AGREGADA--NOMBRE PERSONAL
Nombre de persona Moreno Nieto, José,
Fechas asociadas al nombre 1825-1882
9 (RLIN) 83416
700 1# - ENTRADA AGREGADA--NOMBRE PERSONAL
Nombre de persona Moret, Segismundo,
Fechas asociadas al nombre 1833-1913
9 (RLIN) 162747
700 1# - ENTRADA AGREGADA--NOMBRE PERSONAL
Nombre de persona Echegaray, José,
Fechas asociadas al nombre 1832-1916
9 (RLIN) 46526
852 ## - LOCALIZACIÓN
Ubicación ES-MaACL
Número de control de estantería G-9600
856 ## - LOCALIZACIÓN Y ACCESO ELECTRÓNICOS
Identificador Uniforme de Recursos <a href="http://bdh-rd.bne.es/viewer.vm?id=0000048351&page=1 ">http://bdh-rd.bne.es/viewer.vm?id=0000048351&page=1 </a>
Texto de enlace Versión en línea
Nota pública Biblioteca Digital Hispánica
942 ## - ELEMENTOS DE ENTRADA SECUNDARIOS (KOHA)
Fuente del sistema de clasificación o colocación Clasificación decimal universal
Existencias
Estatus retirado Estado de pérdida Fuente del sistema de clasificación o colocación Estado de daño No para préstamo Colección Biblioteca de origen Biblioteca actual Ubicación en estantería Fecha de adquisición Total de préstamos Signatura topográfica completa Código de barras Visto por última vez Precio de reemplazo Tipo de ítem Koha
    Clasificación decimal universal     Biblioteca Digital del Ateneo de Madrid Biblioteca del Ateneo de Madrid Biblioteca del Ateneo de Madrid Sala Pecera Planta 3 17/01/2008   G-9600 1157576 23/02/2023 23/02/2023 Libro impreso antiguo